| 000 | 00983nas a2200325 4500 | ||
|---|---|---|---|
| 001 | BR0402620 | ||
| 003 | BR-BrBNA | ||
| 005 | 20231205104539.0 | ||
| 007 | ta | ||
| 008 | 230509b bl.|||p| |||| 00| 00por d | ||
| 040 |
_aBR-BrBNA _bpor _cBiblioteca Nacional de Agricultura |
||
| 041 | _a(Pt) | ||
| 072 | _aL02; L50 | ||
| 100 | 1 | _aMorais, C.S.N. | |
| 100 | 1 | _aBarcelos, M. de F.P. | |
| 100 | 1 | _aSousa, R.V. de | |
| 100 | 1 | _aLima, A.L. de | |
| 245 | 1 | _aEfeitos das fontes e níveis de lipídios nas dietas de ratos machos da linhagem wistar (Rattus norvegicus)sobre frações lipídicas do sangue | |
| 650 | _aRATO | ||
| 650 | _aLIPÍDIO | ||
| 650 | _aCOLESTEROL | ||
| 650 | _aDIETA | ||
| 650 | _aSOJA | ||
| 650 | _aCOLZA | ||
| 650 | _aÓLEO | ||
| 650 | _aBIOQUÍMICA ANIMAL | ||
| 773 | 0 |
_tCiência e Agrotecnologia (Brazil) _xISSN 1413-7054 _g(Sep-Oct 2003), v. 27(5) p. 1082-1088 _wBR0402620 |
|
| 909 |
_a202311 _bLúcia _c55 _dLúcia Elande |
||
| 942 |
_2AGRIS _n0 _cANA |
||
| 999 |
_c178655 _d178655 |
||